| 000 | 00968nam a2200205 i 4500 | ||
|---|---|---|---|
| 001 | 93061 | ||
| 003 | ES-MaACL | ||
| 005 | 20230906181123.0 | ||
| 007 | t| | ||
| 008 | 050407s1934 dr |||| |dspa d | ||
| 100 | 1 |
_aLogroño, Arturo. _973128 |
|
| 245 | 1 | 3 |
_aLa primera administración del generalísimo Trujillo Molina / _ccircular informativa dirigida por el lic. Arturo Logroño, secretario de Estado de relaciones exteriores, al cuerpo diplomático y consular de la República. |
| 260 |
_aSanto Domingo : _b[s.n.], _c1934 ( _fImp. Listin Diario) |
||
| 300 |
_a105 p. : _b1 retr. ; _c24 cm. |
||
| 500 | _aPrecede al tít.: República Dominicana, Secretaría de Estado de Relaciones Exteriores. | ||
| 600 | 1 | 4 |
_aTrujillo Molina, Rafael Leónidas. _9111579 |
| 651 | 4 |
_aRepública Dominicana- _xPolítica y gobierno- _y1930-1961. _9169290 |
|
| 710 | 1 |
_aRepública Dominicana. _bSecretaría de Estado de Relaciones Exteriores. _9169296 |
|
| 852 |
_aES-MaACL _j1803-F-10 |
||
| 999 |
_c93061 _d93061 |
||